000 00689nam a22002417a 4500
003 OSt
005 20260530113912.0
008 260505b sp a|||| |||| 00| 0 spa d
020 _a8495275961
040 _aICI
_bspa
_cICI
041 _aspa
050 _aNA687
_bW67 2004
245 _a1000 bares, pubs y discotecas.
260 _aBarcelona :
_bLinks International,
_c2004.
300 _a300 páginas :
504 _aIncluye referencias.
650 4 _aBares (Establecimientos)
_xDiseño
_933581
650 4 _aDiscotecas
_xDiseño
_933582
650 4 _aPubs
_xDiseño
_933583
650 4 _aArquitectura comercial
_933584
650 4 _aDiseño de interiores
_919717
942 _2lcc
_cBK
_n1
999 _c12169
_d12169